| 000 -ლიდერი |
| ფიქსირებული სიგრძის საკონტროლო ველი |
01810nam a2200289Ia 4500 |
| 001 - საკონტროლო ნომერი |
| საკონტროლო ველი |
12276 |
| 003 - საკონტროლო ნომრის იდენტიფიკატორი |
| საკონტროლო ველი |
GE_BSU |
| 005 - ბოლო ოპერაციის თარიღი და დრო |
| საკონტროლო ველი |
20240704145903.0 |
| 008 - ფიქსირებული სიგრძის მონაცემთა ელემენტები - ზოგადი ინფორმაცია |
| ფიქსირებული სიგრძის საკონტროლო ველი |
181216s1999||||geo|||||||||||||| ||ge || |
| 040 ## - კატალოგიზაციის წყარო |
| Transcribing agency |
GE_BSU |
| 041 ## - ენის კოდი |
| Language code of text/sound track or separate title |
geo |
| 080 ## - უნივერსალური ათობითი კლასიფიკაციის ინდექსი |
| Universal Decimal Classification number |
821.353.1+821.353.1-09-1+811.353.1-26 ჯ-71 |
| 100 ## - მთავარი ჩანაწერი - პიროვნების სახელი |
| Personal name |
ჯორბენაძე, ბესარიონ |
| 9 (RLIN) |
1214 |
| 245 ## - ცნობა სათაურის შესახებ |
| Title |
პოეზიის ენა : |
| Remainder of title |
[გალაკტიონ ტაბიძის პოეზია] / |
| Statement of responsibility, etc |
ბესარიონ ჯორბენაძე ; რედ. გიორგი გოგოლაშვილი ; მხატვ. გია ლაშხი ; ბესარიონ ჯორბენაძის საზ-ბა. |
| 264 ## - წარმოების, გამოცემის, დისტრიბუციის და სხვა ცნობები |
| გამოცემის, წარმოების, დისტრიბუციის... ადგილი |
თბილისი : |
| გამოცემის, წარმოების, დისტრიბუციის... სახელწოდება |
[გ.გ.], |
| გამოცემის, წარმოების, დისტრიბუციის... თარიღი |
1999. |
| 300 ## - ფიზიკური აღწერა |
| Extent |
104 გვ. : |
| Other physical details |
ილ. ; |
| Dimensions |
20 სმ. |
| 500 ## - ზოგადი შენიშვნა |
| General note |
წიგნს ახლავს მინაწერი. P 34.358/3 |
| 500 ## - ზოგადი შენიშვნა |
| General note |
ნაშრომი მეცნიერების სამი დარგის - ესთეტიკის, ლიტერატურის თეორიისა და ენათმეცნიერების ერთობლივი ძალითაა შესწავლილი |
| 653 ## - INDEX TERM--UNCONTROLLED |
| Uncontrolled term |
პოეზიის ენა |
| 653 ## - INDEX TERM--UNCONTROLLED |
| Uncontrolled term |
ტაბიძე, გალაკტიონ |
| 653 ## - INDEX TERM--UNCONTROLLED |
| Uncontrolled term |
გალაკტიონ ტაბიძის პოეზია |
| 653 ## - INDEX TERM--UNCONTROLLED |
| Uncontrolled term |
ქართული პოეზიის ენა |
| 700 ## - ADDED ENTRY--PERSONAL NAME |
| Personal name |
გოგოლაშვილი, გიორგი |
| Relator term |
რედაქტორი |
| 9 (RLIN) |
2128 |
| 700 ## - ADDED ENTRY--PERSONAL NAME |
| Personal name |
ლაშხი, გია |
| Relator term |
მხატვარი |
| 9 (RLIN) |
22712 |
| 710 ## - ADDED ENTRY--CORPORATE NAME |
| Relator code |
ბესარიონ ჯორბენაძის საზ-ბა |
| 942 ## - ADDED ENTRY ELEMENTS (KOHA) |
| Koha item type |
წიგნი |
| Source of classification or shelving scheme |
|